000
00238nam a22000857a 4500
999
_c
516534
_d
516534
100
_a
Mitra, Ashok
_9
23055
245
_a
Encounter with population crisis four
_c
by Ashok Mitra
260
_a
New Delhi
_b
Family Planning Fou.
_c
1992
300
_a
36p.